| 000 | 00492nam a2200109Ia 4500 | ||
|---|---|---|---|
| 008 | 171212s9999 xx 000 0 und d | ||
| 100 | _aChinman, Matthew;Imm, Pamela;Wandersman, Abraham | ||
| 245 |
_cChinman, Matthew;Imm, Pamela;Wandersman, Abraham _aGetting To Outcomes(TM) 2004 _bPromoting Accountability Through Methods and Tools for Planning, Implementation, and Evaluation |
||
| 260 |
_bRAND Corporation _c2004 |
||
| 650 | _aHealth Sciences | ||
| 856 | _uwww.jstor.org/stable/10.7249/tr101cdc | ||
| 999 |
_c352118 _d352118 |
||